| 000 | 00554nam a22001577a 4500 | ||
|---|---|---|---|
| 003 | NUST | ||
| 082 | _a621 | ||
| 100 |
_aRehman ,Kinza _9122323 |
||
| 245 |
_aModeling, Parameter Identification and Stability Analysis of Vibrating Mechanical Systems / _cKinza Rehman |
||
| 264 |
_aIslamabad: _bSMME- NUST. _c2021. |
||
| 300 |
_a75p. ; _bSoft Copy, _c30cm. |
||
| 650 |
_aMS Mechanical Engineering _9119495 |
||
| 700 |
_aSupervisor : Dr. Mian Ashfaq Ali _9119639 |
||
| 856 | _uhttp://10.250.8.41:8080/xmlui/handle/123456789/24219 | ||
| 942 |
_2ddc _cTHE |
||
| 999 |
_c608828 _d608828 |
||